| 000 | 01020nac a22002531u 4500 | ||
|---|---|---|---|
| 010 | _a 97004472 | ||
| 020 | _a0521462045 (hb) | ||
| 020 | _a0521020050 | ||
| 082 | 0 | 0 |
_a621.402 _bB6332 |
| 090 |
_c2116 _d2116 |
||
| 100 | _a20080729 | ||
| 245 | 0 | 0 |
_aDevelopments in the design of thermal systems / _cedited by Robert F. Boehm. |
| 260 |
_aCambridge ; _aNew York : _bCambridge University Press,1997 _c1997. |
||
| 300 |
_axvi, 288 p. : _bill. ; _c24 cm. |
||
| 504 | _aIncludes bibliographical references and indexes. | ||
| 650 | 0 | _aHeat engineering. | |
| 650 | 0 | _aSystems engineering. | |
| 650 | 0 | _aEngineering design. | |
| 700 | 1 | _aBoehm, R. F. | |
| 856 | 4 | 2 |
_3Publisher description _uhttp://www.loc.gov/catdir/description/cam028/97004472.html |
| 856 | 4 | 2 |
_3Table of contents _uhttp://www.loc.gov/catdir/toc/cam025/97004472.html |
| 942 |
_cBB _k621.402B6332 |
||
| 999 |
_c2116 _d2116 |
||